Logo BPK

Biblioteka

Politechniki Koszalińskiej

20 000 mil podmorskiej żeglugi / (Rekord nr 55696)

Szczegóły MARC
000 -ETYKIETA REKORDU
podpole kontrolne o stałej długości 01452nam a2200361 i 4500
001 - NUMER KONTROLNY REKORDU
pole kontrolne bg
020 ## - MIĘDZYNARODOWY ZNORMALIZOWANY NUMER KSIĄŻKI - ISBN
ISBN 8498191645 (całość)
020 ## - MIĘDZYNARODOWY ZNORMALIZOWANY NUMER KSIĄŻKI - ISBN
ISBN 8498191734
040 ## - ŹRÓDŁO KATALOGOWANIA
Instytucja, która utworzyła rekord BPK
041 1# - KOD JĘZYKA
Kod języka tekstu pol
Kod języka oryginału fre
044 ## - KOD KRAJU WYDAWCY/PRODUCENTA
Kod kraju wydawcy/producenta POL
080 ## - UNIWERSALNA KLASYFIKACJA DZIESIĘTNA - UKD
UKD 821.133.1-93
920 ## - Międzynarodowy znormalizowany numer książki – ISBN
ISBN 84-9819-164-5 (całość)
920 ## - Międzynarodowy znormalizowany numer książki – ISBN
ISBN 84-9819-173-4
008 - POLE O STAŁEJ DŁUGOŚCI - DANE KONTROLNE
podpole kontrolne o stałej długości s pl f |000 0 pol
100 1# - NAZWA OSOBOWA
Nazwa osobowa Verne, Jules
Daty związane z nazwą (1828-1905).
245 10 - TYTUŁ/ODPOWIEDZIALNOŚĆ
Tytuł 20 000 mil podmorskiej żeglugi /
Pozostałe elementy strefy tytułu i oznaczenia odpowiedzialności Juliusz Verne ; przeł. i przypisami opatrzyli Andrzej Zydorczak i Krzysztof Czubaszek ; [il. Edourd Riou i Alphonse de Neuville].
246 1# - WARIANT TYTUŁU
Tytuł Dwadzieścia tysięcy mil podmorskiej żeglugi
246 1# - WARIANT TYTUŁU
Treść wyrażenia wprowadzającego Tyt. oryg.:
Tytuł Vingt mille lieues sous les mers.
260 ## - STREFA ADRESU WYDAWNICZEGO
Miejsce wydania [s.l.] :
Nazwa wydawcy/dystrybutora Mediasat Group,
Data publikacji, dystrybucji/powstania dokumentu 2005.
300 ## - STREFA OPISU FIZYCZNEGO
Objętość 442, [4] s. ;
Rozmiary 21 cm.
490 1# - STREFA SERII I DOKUMENTU WIELOCZĘŚCIOWEGO - FORMA NIE DO WYSZUKIWANIA
Tytuł i oznaczenie odpowiedzialności serii Biblioteka Gazety Wyborczej : XIX wiek ;
Numeracja w obrębie serii 9
500 ## - UWAGI OGÓLNE
Tekst uwagi Na s. tyt.: Wydane w 100 rocznicę śmierci pisarza.
500 ## - UWAGI OGÓLNE
Tekst uwagi Tyt. oryg.: Vingt mille lieues sous les mers.
500 ## - UWAGI OGÓLNE
Tekst uwagi Wyd. przy współpr. z Polskim Towarzystwem Juliusza Verne'a. - Wyd. we współpr. merytorycznej z Zakładem Narodowym im. Ossolińskich - Wydawnictwo, Wrocław.
650 #9 - HASŁO PRZEDMIOTOWE W FORMIE NAZWY OGÓLNEJ LUB JEDNOSTKOWEJ
Nazwa ogólna lub geograficzna Powieść młodzieżowa francuska
Określnik chronologiczny 19 w.
700 1# - HASŁO DODATKOWE - NAZWA OSOBOWA
Nazwa osobowa Zydorczak, Andrzej.
Określenie związku między hasłem a opisywanym materiałem Tł.
700 1# - HASŁO DODATKOWE - NAZWA OSOBOWA
Nazwa osobowa Czubaszek, Krzysztof.
Określenie związku między hasłem a opisywanym materiałem Tł.
700 1# - HASŁO DODATKOWE - NAZWA OSOBOWA
Nazwa osobowa Riou, Edourd.
Określenie związku między hasłem a opisywanym materiałem Il.
700 1# - HASŁO DODATKOWE - NAZWA OSOBOWA
Nazwa osobowa Neuville de, Alphonse.
Określenie związku między hasłem a opisywanym materiałem Il.
830 #0 - HASŁO DODATKOWE SERII LUB DOKUMENTU WIELOCZĘŚCIOWEGO - TYTUŁ UJEDNOLICONY
Tytuł ujednolicony Biblioteka Gazety Wyborczej ;
Oznaczenie tomu 9
942 ## - DODATKOWE ELEMENTY (KOHA)
Typ dokumentu Książka
Egzemplarze
Wycofany Status egzemplarza Uszkodzony Dostępność Lokalizacja stała Lokalizacja bieżąca Miejsce przechowywania Sygnatura Kod kreskowy Typ dokumentu
      Dostępny Biblioteka Politechniki Koszalińskiej Biblioteka Politechniki Koszalińskiej Wypożyczalnia BG 89094 02441795 Książka
© 2023 Biblioteka Politechniki Koszalińskiej :: KOHA